Religi¯oes da Lusitania na parte que principalmente se refere a Portugal / (Record no. 167021)
[ view plain ]
| 000 -LEADER | |
|---|---|
| campo de control de longitud fija | 00814nam a22001575i 4500 |
| 001 - NÚMERO DE CONTROL | |
| campo de control | 167021 |
| 003 - IDENTIFICADOR DE NÚMERO DE CONTROL | |
| campo de control | ES-MaACL |
| 005 - FECHA Y HORA DE LA ÚLTIMA TRANSACCIÓN | |
| campo de control | 20230906213438.0 |
| 008 - DATOS DE LONGITUD FIJA--INFORMACIÓN GENERAL | |
| campo de control de longitud fija | 990701m18971905po abe |||| | por d |
| 040 ## - FUENTE DE CATALOGACIÓN | |
| Centro catalogador/agencia de origen | GA |
| Lengua de catalogación | spa |
| Centro/agencia transcriptor | CCPB | 3D |
| 100 1# - ENTRADA PRINCIPAL--NOMBRE DE PERSONA | |
| Nombre de persona | Vasconcellos, J. Leite de. |
| 9 (RLIN) | 113265 |
| 245 10 - MENCIÓN DEL TÍTULO | |
| Título | Religi¯oes da Lusitania na parte que principalmente se refere a Portugal / |
| Mención de responsabilidad, etc. | por J. Leite de Vasconcellos. |
| 260 ## - PUBLICACIÓN, DISTRIBUCIÓN, ETC. | |
| Lugar de publicación, distribución, etc. | Lisboa : |
| Nombre del editor, distribuidor, etc. | Imprenta Nacional, |
| Fecha de publicación, distribución, etc. | 1897-1905. |
| 300 ## - DESCRIPCIÓN FÍSICA | |
| Extensión | 2 v. (XL, 440 ; XVIII, 372 p., [3] h. pleg.) ; |
| Dimensiones | 24 cm. |
| 852 ## - LOCALIZACIÓN | |
| Ubicación | ES-MaACL |
| Número de control de estantería | C-1362-1364 |
| Nota libre | -- Enc. hol. |
| Encuadernación | -- Edic.: 3 v. -- Todos los v. con il. -- El t.III, 1913 (XVIII, 636 p., [3] h. de lám., [1] h. pleg. de mapa) -- Precede al tit. en t.I: Quarto centenario do descobrimiento da India, Contribuiçoes da Sociedade de Geographia de Lisboa |
| Estatus retirado | Estado de pérdida | Estado de daño | No para préstamo | Colección | Biblioteca de origen | Biblioteca actual | Ubicación en estantería | Fecha de adquisición | Fuente de adquisición | Total de préstamos | Signatura topográfica completa | Código de barras | Visto por última vez | Precio de reemplazo | Tipo de ítem Koha |
|---|---|---|---|---|---|---|---|---|---|---|---|---|---|---|---|
| Libros del s. XIX | Biblioteca del Ateneo de Madrid | Biblioteca del Ateneo de Madrid | Sala Palomar | 17/01/2008 | C-1362-1364 | 1175202 | 23/02/2023 | 23/02/2023 | Libro impreso antiguo |
